[Event "GER-ch Youth-A"]
[Site "Willingen"]
[Date "2022.06.07"]
[Round "4"]
[White "Stelmaszyk, Nico"]
[Black "Francois, Yannick"]
[Result "1-0"]
[WhiteElo "2302"]
[BlackElo "1867"]
[PlyCount "87"]
[EventDate "2022.06.04"]
[EventType "swiss"]
[EventRounds "9"]
[EventCountry "GER"]
[SourceTitle "CBM 208 Extra"]
[Source "ChessBase"]
[SourceDate "2022.07.31"]
[SourceVersion "1"]
[SourceVersionDate "2022.07.31"]
[SourceQuality "1"]

1. e4 c5 2. c3 Nf6 3. e5 Nd5 4. Nf3 Nc6 5. Bc4 Nb6 6. Bb3 d5 7. exd6 Qxd6 8. Na3 a6 9. 0-0 Bf5 10. Bxf7+ Kxf7 11. Qb3+ Nd5 12. Nc4 Qd8 13. Qxb7 Rc8 14. d4 Rc7 15. Qxa6 cxd4 16. Rd1 e6 17. g4 Bg6 18. Nce5+ Nxe5 19. Nxe5+ Kg8 20. Qxe6+ Bf7 21. Nxf7 Rxf7 22. Rxd4 Qh4 23. Bf4 Nf6 24. Bg3 Qh3 25. Re1 h5 26. g5 Qxe6 27. Rxe6 Nd7 28. g6 Rf6 29. Re8 Nc5 30. b4 Ne6 31. Rd6 Nc7 32. Rxf6 Nxe8 33. Re6 Nf6 34. Bf4 h4 35. Bg5 Rh5 36. f4 Nd5 37. Rc6 Ne7 38. Rd6 Nf5 39. Rd8 h3 40. b5 Nh4 41. b6 Nf3+ 42. Kf2 Nxh2 43. b7 Ng4+ 44. Ke2 1-0

[Event "GER-ch Net blitz qual2"]
[Site "Playchess.com INT"]
[Date "2021.05.04"]
[Round "5"]
[White "Burkart, Lloyd Shang"]
[Black "Francois, Yannick"]
[Result "1-0"]
[WhiteElo "1966"]
[BlackElo "1620"]
[PlyCount "79"]
[EventDate "2021.05.04"]
[EventType "swiss (blitz)"]
[EventRounds "11"]
[EventCountry "GER"]
[SourceTitle "CBM 202 Extra"]
[Source "ChessBase"]
[SourceDate "2021.07.31"]
[SourceVersion "1"]
[SourceVersionDate "2021.07.31"]
[SourceQuality "1"]

1. d4 Nf6 2. c4 e6 3. g3 d5 4. Nf3 Be7 5. Bg2 0-0 6. 0-0 dxc4 7. Nbd2 a6 8. Nxc4 b5 9. Nce5 Bb7 10. Qc2 Nd5 11. a3 f6 12. Nd3 Nd7 13. Rd1 Rc8 14. b4 Bd6 15. Bb2 N7b6 16. Nd2 Ba8 17. e4 Ne7 18. e5 fxe5 19. dxe5 Bxg2 20. Kxg2 Bxe5 21. Nxe5 Qd5+ 22. Ndf3 Qb7 23. Rac1 Nc4 24. Qb3 Nxb2 25. Qxb2 Ng6 26. Rd3 Qe4 27. Re1 Nxe5 28. Rxe4 Nxd3 29. Qd4 Rcd8 30. Qe3 e5 31. Nxe5 Nxe5 32. Rxe5 h6 33. Re7 Kh8 34. Qe5 Rg8 35. Rxc7 Rde8 36. Re7 Rd8 37. g4 Ra8 38. h4 Rac8 39. Re6 Rc4 40. Rxh6# 1-0

[Event "GER-ch Net blitz qual2"]
[Site "Playchess.com INT"]
[Date "2021.05.04"]
[Round "6"]
[White "Francois, Yannick"]
[Black "Bluebaum, Johanna"]
[Result "1-0"]
[WhiteElo "1620"]
[BlackElo "1794"]
[PlyCount "93"]
[EventDate "2021.05.04"]
[EventType "swiss (blitz)"]
[EventRounds "11"]
[EventCountry "GER"]
[SourceTitle "CBM 202 Extra"]
[Source "ChessBase"]
[SourceDate "2021.07.31"]
[SourceVersion "1"]
[SourceVersionDate "2021.07.31"]
[SourceQuality "1"]

1. c4 e6 2. e4 c5 3. Nc3 Nc6 4. g3 d6 5. Bg2 Nge7 6. d3 g6 7. Nge2 Bg7 8. 0-0 0-0 9. Be3 a6 10. Qd2 Qc7 11. Bh6 Nd4 12. Bxg7 Kxg7 13. Nxd4 cxd4 14. Ne2 Nc6 15. f4 e5 16. f5 f6 17. fxg6 hxg6 18. b4 Rh8 19. Rf2 Bg4 20. a4 Qd7 21. Raf1 Raf8 22. a5 Bh3 23. Bxh3 Qxh3 24. b5 Nd8 25. bxa6 bxa6 26. Qb4 Qd7 27. Rb1 Nc6 28. Qb7 Rf7 29. Qxa6 f5 30. exf5 gxf5 31. Rb6 Rc8 32. Rf1 Rc7 33. Qb5 Qc8 34. a6 Na7 35. Qd5 Rf6 36. Rxd6 Rcf7 37. Qxe5 Nc6 38. Qf4 Rxd6 39. Qxd6 Rf6 40. Qf4 Qe6 41. a7 Qxe2 42. a8Q Qxd3 43. Qb7+ Rf7 44. Qxc6 Qe3+ 45. Qxe3 dxe3 46. Qf3 e2 47. Qxe2 1-0

[Event "GER-ch Net blitz qual2"]
[Site "Playchess.com INT"]
[Date "2021.05.04"]
[Round "10"]
[White "Francois, Yannick"]
[Black "Kitschke, Heiko"]
[Result "0-1"]
[WhiteElo "1620"]
[BlackElo "1782"]
[PlyCount "46"]
[EventDate "2021.05.04"]
[EventType "swiss (blitz)"]
[EventRounds "11"]
[EventCountry "GER"]
[SourceTitle "CBM 202 Extra"]
[Source "ChessBase"]
[SourceDate "2021.07.31"]
[SourceVersion "1"]
[SourceVersionDate "2021.07.31"]
[SourceQuality "1"]

1. c4 c5 2. Nc3 Nc6 3. g3 g6 4. Bg2 Bg7 5. d3 d6 6. e4 Nf6 7. Nge2 Bd7 8. 0-0 a6 9. a4 Nb4 10. Rb1 0-0 11. h3 Bc6 12. f4 Nd7 13. f5 Ne5 14. Nf4 Qd7 15. Ncd5 Nxd5 16. Nxd5 Bxd5 17. cxd5 b5 18. axb5 axb5 19. b4 c4 20. dxc4 Nxc4 21. Rf3 Ra2 22. Rf2 Qa7 23. Qf3 Bd4 0-1

[Event "GER-ch Net blitz qual2"]
[Site "Playchess.com INT"]
[Date "2021.05.04"]
[Round "7"]
[White "Noetzel, Felix"]
[Black "Francois, Yannick"]
[Result "0-1"]
[WhiteElo "1962"]
[BlackElo "1620"]
[PlyCount "102"]
[EventDate "2021.05.04"]
[EventType "swiss (blitz)"]
[EventRounds "11"]
[EventCountry "GER"]
[SourceTitle "CBM 202 Extra"]
[Source "ChessBase"]
[SourceDate "2021.07.31"]
[SourceVersion "1"]
[SourceVersionDate "2021.07.31"]
[SourceQuality "1"]

1. c4 Nf6 2. Nc3 e6 3. e4 d5 4. e5 d4 5. exf6 dxc3 6. bxc3 Qxf6 7. d4 e5 8. Nf3 exd4 9. Bg5 Qe6+ 10. Be2 Be7 11. cxd4 c6 12. 0-0 0-0 13. Bd3 Re8 14. Qc2 h6 15. Bxe7 Qxe7 16. Rfe1 Qf8 17. Rxe8 Qxe8 18. Re1 Qd8 19. d5 cxd5 20. cxd5 Nd7 21. d6 Nf6 22. Qc7 Qxc7 23. dxc7 Bd7 24. Ne5 Rc8 25. Rc1 Bc6 26. Nxc6 Rxc7 27. Bb5 bxc6 28. Rxc6 Rb7 29. a4 Nd5 30. f3 Ne7 31. Ra6 Kf8 32. Kf2 Nf5 33. Rc6 Nd4 34. Rc8+ Ke7 35. Rg8 Nxb5 36. axb5 Kf6 37. Ra8 Rxb5 38. Rxa7 Rb2+ 39. Kg3 g6 40. h4 Kg7 41. Ra5 Rb4 42. h5 g5 43. Rf5 Rh4 44. f4 Rxh5 45. Kf3 Kg6 46. Ra5 g4+ 47. Kg3 Rxa5 48. Kxg4 f5+ 49. Kh4 Ra2 50. Kh3 Kh5 51. g3 Ra3 0-1

[Event "GER-ch U25-B"]
[Site "Willingen"]
[Date "2019.06.15"]
[Round "9"]
[White "Hoevert, Kai"]
[Black "Francois, Yannick"]
[Result "0-1"]
[WhiteElo "1536"]
[BlackElo "1643"]
[PlyCount "48"]
[EventDate "2019.06.08"]
[EventType "swiss"]
[EventRounds "9"]
[EventCountry "GER"]
[SourceTitle "EXT 2020"]
[Source "ChessBase"]
[SourceDate "2019.10.17"]
[SourceVersion "1"]
[SourceVersionDate "2019.10.17"]
[SourceQuality "1"]

1. e4 e5 2. Bc4 Nc6 3. Nf3 Bc5 4. c3 Nf6 5. d4 exd4 6. cxd4 Bb4+ 7. Nc3 Nxe4 8. 0-0 Bxc3 9. d5 Bf6 10. Re1 Ne7 11. Rxe4 d6 12. g4 0-0 13. g5 Be5 14. Nxe5 dxe5 15. Rxe5 Ng6 16. Re1 Qd6 17. Qf3 Ne5 18. Qf4 Nxc4 19. Qxc4 Rd8 20. Bf4 Qg6 21. Qxc7 Bg4 22. Qxb7 Bf3 23. Qe7 Qf5 24. Qe3 Qh3 0-1

[Event "GER-ch U25-B"]
[Site "Willingen"]
[Date "2019.06.14"]
[Round "8"]
[White "Francois, Yannick"]
[Black "Esefelder, Richard"]
[Result "1/2-1/2"]
[WhiteElo "1643"]
[BlackElo "1627"]
[PlyCount "75"]
[EventDate "2019.06.08"]
[EventType "swiss"]
[EventRounds "9"]
[EventCountry "GER"]
[SourceTitle "CBM 191 Extra"]
[Source "ChessBase"]
[SourceDate "2019.09.30"]
[SourceVersion "1"]
[SourceVersionDate "2019.09.30"]
[SourceQuality "1"]

1. e4 e5 2. Nf3 d6 3. Bc4 Be7 4. c3 Nf6 5. d3 Nbd7 6. 0-0 h6 7. Re1 0-0 8. Nbd2 c6 9. Bb3 Nc5 10. Bc2 Bg4 11. h3 Bh5 12. g4 Bg6 13. Nf1 h5 14. g5 Nh7 15. h4 f6 16. d4 Nd7 17. Bb3+ Kh8 18. Qd2 fxg5 19. Nxg5 Nxg5 20. hxg5 Rf4 21. Ng3 Bxg5 22. Qe2 Rg4 23. Be6 Rh4 24. Bxg5 Qxg5 25. Bxd7 Bxe4 26. Bh3 Rf8 27. Bg2 Bxg2 28. Kxg2 Rg4 29. Rh1 Kg8 30. dxe5 h4 31. exd6 Rxg3+ 32. Kf1 Rg2 33. Qe6+ Kh8 34. Qe2 Rgxf2+ 35. Qxf2 Rxf2+ 36. Kxf2 Qd2+ 37. Kf1 Qd3+ 38. Kf2 1/2-1/2

[Event "GER-ch U25-B"]
[Site "Willingen"]
[Date "2019.06.09"]
[Round "1"]
[White "Bruegmann, Kai"]
[Black "Francois, Yannick"]
[Result "1-0"]
[WhiteElo "1555"]
[BlackElo "1643"]
[PlyCount "55"]
[EventDate "2019.06.08"]
[EventType "swiss"]
[EventRounds "9"]
[EventCountry "GER"]
[SourceTitle "CBM 191 Extra"]
[Source "ChessBase"]
[SourceDate "2019.09.30"]
[SourceVersion "1"]
[SourceVersionDate "2019.09.30"]
[SourceQuality "1"]

1. e4 e5 2. Nf3 Nc6 3. Bc4 Bc5 4. c3 Nf6 5. d3 a6 6. a4 0-0 7. 0-0 d5 8. exd5 Nxd5 9. Re1 Qd6 10. Nbd2 f5 11. b4 Bb6 12. Qb3 Rd8 13. Ba3 Nce7 14. Rxe5 c6 15. Rae1 Ng6 16. Re8+ Rxe8 17. Rxe8+ Kf7 18. Re1 Bd7 19. d4 Nge7 20. b5 c5 21. Re5 axb5 22. Bxd5+ Nxd5 23. Rxd5 Be6 24. Rxd6 Bxb3 25. Nxb3 Rxa4 26. Rxb6 Rxa3 27. Rxb5 c4 28. Ne5+ 1-0

[Event "Berlin Spandau op"]
[Site "Berlin"]
[Date "2017.12.27"]
[Round "1"]
[White "Piotrowski, Christopher"]
[Black "Francois, Yannick"]
[Result "1-0"]
[WhiteElo "2110"]
[BlackElo "1638"]
[PlyCount "43"]
[EventDate "2017.12.27"]
[EventType "swiss"]
[EventRounds "7"]
[EventCountry "GER"]
[SourceTitle "CBM 182 Extra"]
[Source "ChessBase"]
[SourceDate "2018.02.23"]
[SourceVersion "1"]
[SourceVersionDate "2018.02.23"]
[SourceQuality "1"]

1. c4 e5 2. g3 Nf6 3. Bg2 Nc6 4. Nc3 Bc5 5. Nf3 d6 6. 0-0 0-0 7. d3 Be6 8. e3 Qc8 9. d4 exd4 10. exd4 Bxc4 11. dxc5 Bxf1 12. Qxf1 dxc5 13. Bh3 Qd8 14. Qc4 Qe7 15. Bg5 Rfe8 16. Nd5 Qd6 17. Bxf6 gxf6 18. Qg4+ Kf8 19. Qh5 Ne5 20. Qh6+ Kg8 21. Nxf6+ Kh8 22. Qxh7# 1-0